• 首页
  • 本馆介绍
  • 公告通知
  • 最新文献
  • 馆藏检索
  • 电子资源
  • 读者导购
  • 参考咨询
  • 我的图书馆
  • 登录
  • 详细信息显示
  • 放入我的书架
  • 预约/预借图书
  • 作者相关作品
  • 分类相关作品
  • 丛书相关作品
  • 出版社相关作品

书目信息

  • 表格格式
  • 工作单格式
  • 卡片格式
题名:
木雕达摩百态
    
 
作者: 徐华铛 编著
分册:  
出版信息: 北京   中国林业出版社  2008
页数: 108页
开本: 21cm
丛书名:
单 册:
中图分类: J322-64 , J322
科图分类:
主题词: 木雕--佛像--中国--图集 , 木雕 , 佛像
电子资源:
ISBN: 978-7-5038-5147-6
000 00761nam0 2200265 450
001 2349274817
005 20231213134254.47
010    @a978-7-5038-5147-6@dCNY 45.00
100    @a20080613d2008 em y0chiy0120 ea
101 0  @achi
102    @aCN@b110000
105    @aa z 000yy
200 1  @a木雕达摩百态@Amu diao da mo bai tai@b专著@f徐华铛编著
210    @a北京@c中国林业出版社@d2008
215    @a108页@d21cm
300    @a中国传统木雕精品鉴赏
330    @a本书共分三部分,内容包括:达摩身世、达摩的造型、凝重端庄等。
606 0  @a木雕@x佛像@y中国@j图集
606 0  @a木雕
606 0  @a佛像
690    @aJ322-64@v5
690    @aJ322@v4
701  0 @a徐华铛@Axu hua cheng@f(1944~)@4编著
801  2 @aCN@b辽宁北配@c20231205
905    @aBZT@dJ322@e1
    
    木雕达摩百态/徐华铛编著.-北京:中国林业出版社,2008
    108页;21cm
    中国传统木雕精品鉴赏
    
    ISBN 978-7-5038-5147-6:CNY 45.00
    本书共分三部分,内容包括:达摩身世、达摩的造型、凝重端庄等。
●
相关链接 在五车中查询图书 在当当中查询图书 在豆瓣中查询图书


正题名:木雕达摩百态     索取号:J322/1         预约/预借

序号 登录号 条形码 馆藏地/架位号 状态 备注
1 2001550433   2001550433   319书库/ [索取号:J322/1] 在馆    
2 2001550434   2001550434   319书库/ [索取号:J322/1] 在馆    
3 2001550435   2001550435   319书库/ [索取号:J322/1] 在馆    
4 2001550436   2001550436   315书库/ [索取号:J322/1] 在馆    
5 2001550437   2001550437   315书库/ [索取号:J322/1] 在馆    
6 2001550438   2001550438   315书库/ [索取号:J322/1] 在馆    
7 2001550439   2001550439   315书库/ [索取号:J322/1] 在馆    
8 2001550440   2001550440   315书库/ [索取号:J322/1] 在馆    
9 2001550441   2001550441   315书库/ [索取号:J322/1] 在馆    
10 2001550442   2001550442   319书库/ [索取号:J322/1] 在馆    
11 2001550443   2001550443   319书库/ [索取号:J322/1] 在馆    
12 2001550444   2001550444   319书库/ [索取号:J322/1] 在馆    
13 2001550445   2001550445   319书库/ [索取号:J322/1] 在馆    
14 2001550446   2001550446   319书库/ [索取号:J322/1] 在馆    
15 2001550447   2001550447   319书库/ [索取号:J322/1] 在馆    
16 2001550448   2001550448   319书库/ [索取号:J322/1] 在馆    
17 2001550449   2001550449   319书库/ [索取号:J322/1] 在馆    
18 2001550450   2001550450   319书库/ [索取号:J322/1] 在馆    
19 2001550451   2001550451   319书库/ [索取号:J322/1] 在馆    
20 2001550452   2001550452   319书库/ [索取号:J322/1] 在馆    
21 2001550453   2001550453   319书库/ [索取号:J322/1] 在馆    
22 2001550454   2001550454   319书库/ [索取号:J322/1] 在馆    
23 2001550455   2001550455   319书库/ [索取号:J322/1] 在馆    
24 2001550456   2001550456   319书库/ [索取号:J322/1] 在馆    
25 2001550457   2001550457   319书库/ [索取号:J322/1] 在馆    
26 2001550458   2001550458   319书库/ [索取号:J322/1] 在馆    
27 2001550459   2001550459   319书库/ [索取号:J322/1] 在馆    
28 2001550460   2001550460   319书库/ [索取号:J322/1] 在馆    
29 2001550461   2001550461   319书库/ [索取号:J322/1] 在馆    
30 2001550462   2001550462   319书库/ [索取号:J322/1] 在馆    
山东省滨州职业学院图书馆 欢迎您!
大连网信软件有限公司© 版权所有